| Tag |
First Indicator |
Second Indicator |
Subfields |
| LEADER |
00000cam a2200000 a 4500 |
| 001 |
in00001663141 |
| 005 |
20151023125450.0 |
| 008 |
010830s2002 inua 001 0 eng c |
| 010 |
|
|
|a 2001086186
|
| 015 |
|
|
|a GBA1-V6897
|
| 020 |
|
|
|a 0735711216
|
| 029 |
0 |
|
|a UKM
|b bA1V6897
|
| 035 |
|
|
|a (OCoLC)ocm47939795
|
| 040 |
|
|
|a UKM
|c UKM
|d TXA
|d UtOrBLW
|
| 042 |
|
|
|a pcc
|
| 049 |
|
|
|a TXAM
|
| 050 |
|
4 |
|a QA76.9.D3
|b S746 2002
|
| 082 |
0 |
0 |
|a 005.7585
|2 21
|
| 100 |
1 |
|
|a Stinson, Barry.
|
| 245 |
1 |
0 |
|a PostgreSQL essential reference /
|c Barry Stinson.
|
| 264 |
|
1 |
|a Indianapolis, Ind. :
|b New Riders,
|c [2002]
|
| 264 |
|
4 |
|c ©2002
|
| 300 |
|
|
|a xxiii, 371 pages :
|b illustrations ;
|c 23 cm.
|
| 336 |
|
|
|a text
|b txt
|2 rdacontent
|
| 337 |
|
|
|a unmediated
|b n
|2 rdamedia
|
| 338 |
|
|
|a volume
|b nc
|2 rdacarrier
|
| 500 |
|
|
|a Includes index.
|
| 630 |
0 |
0 |
|a PostgreSQL.
|
| 650 |
|
0 |
|a Database management.
|
| 948 |
|
|
|a cataloged
|b h
|c 2002/2/20
|d c
|e jspillan
|f 1:24:39 pm
|
| 994 |
|
|
|a E0
|b TXA
|
| 999 |
|
|
|a MARS
|
| 999 |
f |
f |
|s b0bbd01b-97ed-331c-91f5-1cd79e73baab
|i 685d6229-30ce-31a4-b587-e1c414f3b107
|t 0
|
| 952 |
f |
f |
|p normal
|a Texas A&M University
|b College Station
|c Sterling C. Evans Library
|d Evans: Library Stacks
|t 0
|e QA76.9.D3 S746 2002
|h Library of Congress classification
|i unmediated -- volume
|m A14828428538
|
| 998 |
f |
f |
|a QA76.9.D3 S746 2002
|t 0
|l Evans: Library Stacks
|